000 01412cam a22003014a 4500
999 _c330558
_d330558
001 12980343
003 NUST
005 20170719181517.0
008 021025s2003 njua bf 001 0 eng
010 _a 2002191033
020 _a0471491969 (alk. paper)
040 _aDLC
_cDLC
_dDLC
042 _apcc
050 0 0 _aTK8322
_b.H33 2003
082 0 0 _a621.31244 ANT
_221
245 0 0 _aHandbook of photovoltaic science and engineering /
_cEdited by Antonio Luque and Steven Hegedus.
260 _aHoboken, NJ :
_bWiley,
_cc2003.
300 _axxvii, 1138 p. :
_bill. ;
_c26 cm.
500 _aH.B
504 _aIncludes bibliographical references and index.
650 0 _aPhotovoltaic cells
_vHandbooks, manuals, etc.
_93487
650 0 _aPhotovoltaic power generation
_vHandbooks, manuals, etc.
_93488
700 1 _aLuque, A.
_q(Antonio)
_93489
700 1 _aHegedus, Steven.
_93490
856 4 1 _3Table of contents
_uhttp://www.loc.gov/catdir/toc/wiley041/2002191033.html
856 4 2 _3Publisher description
_uhttp://www.loc.gov/catdir/description/wiley036/2002191033.html
856 4 2 _3Book review (E-STREAMS)
_uhttp://www.e-streams.com/es0706/es0706_3291.html
906 _a7
_bcbc
_corignew
_d1
_eocip
_f20
_gy-gencatlg
942 _2ddc
_cBK
_kIESE